| 000 | 01454 a2200229 4500 | ||
|---|---|---|---|
| 001 | 45172 | ||
| 005 | 20260407155726.0 | ||
| 008 | 260407a1960 arg spa d | ||
| 003 | AR-UNSa-BCEJYS | ||
| 040 |
_aAR-UNSa-BCEJYS _bspa _cAR-UNSa-BCEJYS |
||
| 080 |
_a517 _xAnálisis Matemático |
||
| 245 | 1 | 0 |
_aAnálisis Matemático _pintroducción moderna al cálculo superior |
| 264 | 1 |
_aBarcelona : _bReverté _c1960 |
|
| 300 |
_a534 p. _c22 cm. |
||
| 505 | _a1.Sistemas de números reales y complejos – 2. Nociones fundamentales de la teoría de conjuntos – 3. Elementos de la teoría de conjuntos de puntos – 4. Los conceptos de límite y continuidad – 5. Diferenciación de funciones de una variable real – 6. Diferenciación de funciones de varias variables – 7. Aplicaciones de la diferenciación parcial – 8. Funciones de variación acotada, curvas rectificables y conjuntos conexos – 9. Teoría de la integración de Riemann-Stieltjes – 10. Integrales múltiples e integrales de línea – 11. Análisis vectorial – 12. Series y productos infinitos – 13. Sucesiones de funciones – 14. Integrales impropias de Riemann-Stieltjes – 15. Series de Fourier e integrales de Fourier – 16. Teorema de Cauchy y cálculo de residuos. | ||
| 041 | _aspa | ||
| 942 | _cBK | ||
| 590 | _aniveau_biblio:m niveau_hierar:0 | ||
| 100 | 1 | _aApostol, Tom Mike | |
| 700 | 1 | _aVélez Cantarell, Francisco | |
| 700 | 1 | _aLinés Escardó, Enrique | |
| 999 |
_c3917 _d3917 |
||